LIBRARY & INFORMATION CENTRE, KCAET, TAVANUR

ONLINE PUBLIC ACCESS CATALOGUE (OPAC)

Mukhapusthakachinthakal / (Record no. 18118)

MARC details
000 -LEADER
fixed length control field 00368nam a2200157 4500
003 - CONTROL NUMBER IDENTIFIER
control field OSt
008 - FIXED-LENGTH DATA ELEMENTS--GENERAL INFORMATION
fixed length control field 241005b |||||||| |||| 00| 0 eng d
020 ## - INTERNATIONAL STANDARD BOOK NUMBER
ISBN 978935906382
041 ## - LANGUAGE CODE
Language code of text/sound track or separate title mal
082 ## - DEWEY DECIMAL CLASSIFICATION NUMBER
Classification number 302.231
Item number JAL/MU
100 ## - MAIN ENTRY--AUTHOR NAME
Personal name Jaleel, K.T.
245 ## - TITLE STATEMENT
Title Mukhapusthakachinthakal /
260 ## - PUBLICATION, DISTRIBUTION, ETC. (IMPRINT)
Place of publication Kottayam :
Name of publisher DC Books,
Year of publication 2022.
300 ## - PHYSICAL DESCRIPTION
Number of Pages 280p.
942 ## - ADDED ENTRY ELEMENTS (KOHA)
Koha item type Books
Holdings
Withdrawn status Lost status Damaged status Home library Current library Date acquired Source of acquisition Cost, normal purchase price Full call number Accession Number Koha item type
      KAUAET KAUAET 05/10/2024 Donated by KT Jaleel MLA 320.00 302.231 JAL/MU 26264 Books
      KAUAET KAUAET 25/08/2025 Donated by KT Jaleel MLA 320.00 302.231 JAL/MU 26309 Books
free website counter